000 00348nam a2200145Ia 4500
008 240624s9999 xx 000 0 und d
041 _aeng
082 _a891.46 DES
100 _aDESAI RANJIT
245 _aSRIMAN YOGI
250 _a(18th ed.)
260 _c2005
_aPune
_bMehta Publishing House
300 _a1147 : p. : cm. ; 22
365 _cRS
_b20
999 _c6882
_d6882